Statystyki dla Test z wiedzy o Mikro Cypku!

Kliknij tutaj aby rozwiązać quiz!

Ogólne statystyki

  • Ten quiz został rozwiązany 38 razy
  • Średni wynik to 5 z 15

Statystyki odpowiedzi

HintOdpowiedź% Poprawnych
Imię CypkaCyprian
94%
+- wiek Cypka30
76%
Na jakiej platformie robi streamy?Twitch
52%
Na jaką chorobę choruje?łamliwość kości
48%
Platforma, na której dopuścił się 🐎xhamster
39%
Zmyślone przez niego imięCzarek
36%
Event, w którym Cypek zwiedzał miasta w PolsceMikro Tour
30%
Intelektualnie podobny do Cypka YouTuber, z którym często ma dramyDawid Jasper
27%
Ktoś mi się ........ !włamał
21%
Nazwisko CypkaKnapiński
18%
Co często zeruje Cypek na streamach?actimela
15%
Stary przyjaciel CypkaRocky niebieskooki
12%
Ulubione picie CypkaKubuś Water
9%
Czym się porusza?wózkiem elektrycznym
3%
Miejsce zamieszkaniaKiełpino
0%

Rozkład punktacji

Percentyl według liczby udzielonych odpowiedzi

Procent ludzi z każdym wynikiem

Twoja historia wyników

Nie rozwiązałeś tego quizu